| 000 | 00552nam a2200229Ia 4500 | ||
|---|---|---|---|
| 003 | OSt | ||
| 005 | 20220918201105.0 | ||
| 006 | a|||||r|||| 00| 0 | ||
| 007 | ta | ||
| 008 | 220917b |||||||| |||| 00| 0 eng d | ||
| 024 | _a91,637 | ||
| 037 | _cTextual | ||
| 040 |
_aARTS _cARTS _beng |
||
| 041 |
_2eng _aeng |
||
| 082 | _aV1:1:N5, K63 | ||
| 100 |
_aDulles Allen _996777 |
||
| 245 | 0 | _aSecret surrender | |
| 260 | _c1966 | ||
| 650 | _aWORLD HISTORY | ||
| 942 |
_hV1:1:N5, K63 _cTEXL _2CC |
||
| 999 |
_c215296 _d215296 |
||